Etica y lenguaje

Saved in:
Bibliographic Details
Main Author: Stevenson, Charles L (Author)
Format: Book
Language:Spanish
Published: Buenos Aires Paidós 1971
Series:Biblioteca de Filosofía. Serie Mayor, 8
Subjects:
Tags: Add Tag
No Tags, Be the first to tag this record!

MARC

LEADER 00000nam a2200000 a 4500
001 UCZ5779
003 CL-VaPUC
008 951124e19710000AG |||||||||||||||||spa|d
082 0 4 |a 401  |b STE  |2 21 
100 0 |a Stevenson, Charles L  |e author  |9 349961 
245 1 0 |a Etica y lenguaje 
300 |a 308 p 
942 |c BK 
945 |d 19951124 00:00:00  |a lriquelm 
260 |a Buenos Aires  |b Paidós  |c 1971 
650 0 |a Lingüística  |9 265068 
650 0 |a Filosofía   |9 223554 
650 0 |a Ética  |9 255099 
650 7 |a PERSUASION  |2 CL-VaPUC  |9 333321 
650 0 |a Libre albedrío  |9 334583 
583 |a last modification  |c 19951124 00:00:00  |k Rodrigo Vera 
490 0 |a Biblioteca de Filosofía. Serie Mayor, 8 
999 |c 242068  |d 242066 
952 |0 0  |1 0  |4 0  |6 401_000000000000000_STE_1971  |7 0  |8 P  |9 254774  |a BIBEDU  |b BIBEDU  |c BIBEDU_PB  |d 2019-11-19  |i 1577107  |o 401 STE 1971  |p 1577107  |r 2024-01-25  |w 2019-11-19  |y BK  |k FIL 
952 |0 0  |1 0  |4 0  |6 401_000000000000000_STE_1971  |7 0  |8 P  |9 254775  |a BIBEDU  |b BIBEDU  |c BIBEDU_PB  |d 2019-11-19  |i 1577115  |o 401 STE 1971  |p 1577115  |r 2024-01-25  |w 2019-11-19  |y BK  |k FIL 
952 |0 0  |1 0  |4 0  |6 401_000000000000000_STE_1971  |7 0  |8 A  |9 254776  |a FDOPOS  |b FDOPOS  |d 2019-11-19  |i 1467743  |o 401 STE 1971  |p 1467743  |r 2025-01-22  |w 2019-11-19  |y BK  |k MLA 
952 |0 0  |1 0  |4 0  |6 401_000000000000000_STE_1971  |7 0  |8 A  |9 254777  |a FDOPOS  |b FDOPOS  |d 2019-11-19  |i 4268814  |o 401 STE 1971  |p 4268814  |r 2025-01-22  |w 2019-11-19  |y BK  |k MLA